[Event "BEL-chT 2122"]
[Site "Belgium"]
[Date "2022.04.24"]
[Round "11.1"]
[White "Mihok, Oliver"]
[Black "Dambacher, Martijn"]
[Result "1/2-1/2"]
[WhiteElo "2534"]
[BlackElo "2480"]
[PlyCount "107"]
[EventDate "2021.10.24"]
[EventType "team-tourn"]
[EventRounds "11"]
[EventCountry "BEL"]
[SourceTitle "EXT 2023"]
[Source "ChessBase"]
[SourceDate "2022.10.05"]
[SourceVersion "1"]
[SourceVersionDate "2022.10.05"]
[SourceQuality "1"]
[WhiteTeam "KSK Rochade"]
[BlackTeam "KSK47 Eynatten"]
[WhiteTeamCountry "BEL"]
[BlackTeamCountry "BEL"]

1. e4 c5 2. Nf3 d6 3. d4 cxd4 4. Nxd4 Nf6 5. Nc3 a6 6. Be3 e5 7. Nb3 Be7 8. f3 0-0 9. Qd2 Be6 10. 0-0-0 a5 11. a4 Nc6 12. g4 Nb4 13. Kb1 Qc7 14. g5 Nh5 15. f4 f5 16. gxf6 Nxf6 17. f5 Bf7 18. Rg1 Kh8 19. Bb5 Rg8 20. Qg2 g6 21. Bh6 Rad8 22. Rde1 d5 23. exd5 Nbxd5 24. Ne4 Nxe4 25. Qxe4 Nf6 26. Qxe5 Rd1+ 27. Nc1 Qxe5 28. Rxe5 Rxg1 29. Rxe7 Bd5 30. Bd2 gxf5 31. Bc3 Rf8 32. Bd3 Be4 33. Bxe4 fxe4 34. Rxe4 Kg8 35. Re5 Rd8 36. b3 Rdd1 37. Bb2 Nd5 38. Re8+ Kf7 39. Rb8 b6 40. Rb7+ Kg8 41. h4 Nf4 42. Rb8+ Kf7 43. Rb7+ Kg6 44. Rxb6+ Kh5 45. Ka2 Rxc1 46. Bxc1 Rxc1 47. Kb2 Re1 48. Rf6 Ng6 49. Rf5+ Kxh4 50. Rxa5 h5 51. Rb5 Kg4 52. a5 Re6 53. Rb4+ Kg3 54. Ra4 1/2-1/2

[Event "NED-chT 1920"]
[Site "Netherlands"]
[Date "2020.03.07"]
[Round "6.1"]
[White "Dambacher, Martijn"]
[Black "Ikonnikov, Vyacheslav"]
[Result "1/2-1/2"]
[WhiteElo "2503"]
[BlackElo "2498"]
[PlyCount "39"]
[EventDate "2019.09.28"]
[EventType "team-tourn"]
[EventRounds "9"]
[EventCountry "NED"]
[SourceTitle "CBM 195 Extra"]
[Source "ChessBase"]
[SourceDate "2020.05.31"]
[SourceVersion "1"]
[SourceVersionDate "2020.05.31"]
[SourceQuality "1"]
[WhiteTeam "Den Bosch HMC"]
[BlackTeam "Sas van Gent"]
[WhiteTeamCountry "NED"]
[BlackTeamCountry "NED"]

1. d4 Nf6 2. c4 e6 3. Nf3 b6 4. g3 Bb7 5. Bg2 Be7 6. 0-0 0-0 7. Re1 Na6 8. Nc3 Ne4 9. Bf4 Qc8 10. Qc2 f5 11. Rad1 d6 12. d5 Nxc3 13. Qxc3 Nc5 14. Bg5 Ne4 15. Qc1 Bxg5 16. Nxg5 Nxg5 17. Qxg5 e5 18. Bh3 Qd8 19. Qxd8 Raxd8 20. e4 1/2-1/2

[Event "BL2-West 1920"]
[Site "Germany"]
[Date "2019.09.29"]
[Round "1.1"]
[White "Dambacher, Martijn"]
[Black "Nikolic, Predrag"]
[Result "1/2-1/2"]
[WhiteElo "2492"]
[BlackElo "2580"]
[PlyCount "71"]
[EventDate "2019.09.19"]
[EventType "team-tourn"]
[EventRounds "9"]
[EventCountry "GER"]
[SourceTitle "EXT 2023"]
[Source "ChessBase"]
[SourceDate "2022.10.05"]
[SourceVersion "1"]
[SourceVersionDate "2022.10.05"]
[SourceQuality "1"]
[WhiteTeam "Aachen DJK"]
[BlackTeam "Solingen II"]
[WhiteTeamCountry "GER"]
[BlackTeamCountry "GER"]

1. d4 Nf6 2. c4 e6 3. Nc3 Bb4 4. e3 c5 5. Nge2 d6 6. a3 Ba5 7. g3 Ne4 8. Qd3 Nxc3 9. Nxc3 0-0 10. Bg2 cxd4 11. exd4 e5 12. 0-0 exd4 13. Nb5 Nc6 14. Bf4 a6 15. Nxd4 Ne5 16. Qb3 Qf6 17. h3 Bc7 18. Nc2 Rb8 19. Ne3 Be6 20. Nd5 Bxd5 21. Bxd5 b5 22. Bxe5 Qxe5 23. Rae1 Qh5 24. Kg2 Qg5 25. Re4 Kh8 26. Rfe1 Ba5 27. R1e2 f5 28. Re7 f4 29. cxb5 fxg3 30. fxg3 Qc1 31. Bf3 Bb6 32. Re1 Qc5 33. R7e2 axb5 34. Qd5 Qxd5 35. Bxd5 Bd4 36. b3 1/2-1/2

[Event "Maastricht Limburg op 13th"]
[Site "Maastricht"]
[Date "2019.06.07"]
[Round "1"]
[White "Dambacher, Martijn"]
[Black "Strating, Sybolt"]
[Result "1-0"]
[WhiteElo "2511"]
[BlackElo "2251"]
[PlyCount "83"]
[EventDate "2019.06.07"]
[EventType "swiss"]
[EventRounds "7"]
[EventCountry "NED"]
[SourceTitle "CBM 190 Extra"]
[Source "ChessBase"]
[SourceDate "2019.07.15"]
[SourceVersion "1"]
[SourceVersionDate "2019.07.15"]
[SourceQuality "1"]

1. d4 d5 2. c4 c6 3. Nf3 Nf6 4. e3 a6 5. Bd3 dxc4 6. Bxc4 b5 7. Bd3 e6 8. a4 Bb7 9. 0-0 Be7 10. e4 Nbd7 11. Qe2 bxa4 12. Nc3 c5 13. d5 exd5 14. e5 Ng8 15. Rd1 Nb6 16. Bf5 g6 17. Bc2 Kf8 18. Bf4 Kg7 19. e6 f6 20. Be4 Bf8 21. h4 h5 22. Bc2 Bd6 23. Bd2 Ne7 24. Nxa4 Nxa4 25. Rxa4 Qc7 26. b4 cxb4 27. Bxb4 Bxb4 28. Rxb4 a5 29. Ra4 Ba6 30. Qd2 Bb5 31. Ra3 Bc4 32. Nd4 Ra6 33. Rda1 Rha8 34. Rg3 Rg8 35. Bxg6 Qxg3 36. fxg3 Kxg6 37. Rxa5 Rga8 38. Rxa6 Rxa6 39. Qb4 Ra7 40. Qb8 Ra1+ 41. Kh2 Kg7 42. Qc7 1-0

[Event "NED-chT 1819"]
[Site "Netherlands"]
[Date "2019.05.11"]
[Round "9.2"]
[White "Dambacher, Martijn"]
[Black "Bosman, Michiel"]
[Result "1-0"]
[WhiteElo "2497"]
[BlackElo "2389"]
[PlyCount "59"]
[EventDate "2018.09.15"]
[EventType "team-tourn"]
[EventRounds "9"]
[EventCountry "NED"]
[SourceTitle "CBM 189 Extra"]
[Source "ChessBase"]
[SourceDate "2019.06.03"]
[SourceVersion "1"]
[SourceVersionDate "2019.06.03"]
[SourceQuality "1"]
[WhiteTeam "Calder HMC"]
[BlackTeam "Leiden LSG"]
[WhiteTeamCountry "NED"]
[BlackTeamCountry "NED"]

1. d4 d5 2. c4 c6 3. Nf3 Nf6 4. e3 Bf5 5. Nc3 e6 6. Nh4 Be4 7. f3 Bg6 8. Qb3 Qc7 9. Bd2 Be7 10. g3 0-0 11. Rc1 Qd7 12. cxd5 cxd5 13. Bb5 Nc6 14. Nxg6 hxg6 15. Na4 Rfc8 16. 0-0 Rab8 17. Nc5 Bxc5 18. Rxc5 a6 19. Be2 e5 20. dxe5 Nxe5 21. Rxc8+ Rxc8 22. Bc3 Nc4 23. Re1 b5 24. Bd4 Qe6 25. a4 Nd6 26. Bd3 g5 27. Qb4 Nf5 28. Bc3 bxa4 29. Qxa4 Rc6 30. Bxf5 1-0

[Event "NED-chT 1819"]
[Site "Netherlands"]
[Date "2019.04.13"]
[Round "8.4"]
[White "Dambacher, Martijn"]
[Black "Lemmers, Oscar"]
[Result "1-0"]
[WhiteElo "2497"]
[BlackElo "2328"]
[PlyCount "97"]
[EventDate "2018.09.15"]
[EventType "team-tourn"]
[EventRounds "9"]
[EventCountry "NED"]
[SourceTitle "CBM 189 Extra"]
[Source "ChessBase"]
[SourceDate "2019.06.03"]
[SourceVersion "1"]
[SourceVersionDate "2019.06.03"]
[SourceQuality "1"]
[WhiteTeam "Calder HMC"]
[BlackTeam "Zuid Limburg"]
[WhiteTeamCountry "NED"]
[BlackTeamCountry "NED"]

1. d4 d5 2. c4 c6 3. Nf3 Nf6 4. e3 Bg4 5. Nc3 e6 6. Qb3 Qb6 7. Nh4 Bh5 8. h3 Be7 9. g4 Bg6 10. Nxg6 hxg6 11. Rg1 g5 12. Bd2 Nbd7 13. 0-0-0 Qxb3 14. axb3 0-0-0 15. f3 Bd6 16. Kc2 e5 17. cxd5 Nxd5 18. Nxd5 cxd5 19. Bc3 exd4 20. Bxd4 Bc5 21. Bxg7 Rhe8 22. Rxd5 Bxe3 23. Rh1 Nb6 24. Rxd8+ Rxd8 25. Bd3 Nd5 26. Bc4 Rg8 27. Be5 Re8 28. Bxd5 Rxe5 29. Bxf7 Bf4 30. Bc4 Re3 31. Bd5 Kc7 32. h4 Kd6 33. Bxb7 Kc5 34. hxg5 Re2+ 35. Kb1 Be5 36. g6 Bxb2 37. Ba6 Rg2 38. Re1 Bf6 39. Re2 Rg3 40. Bb7 Rg1+ 41. Kc2 Kd4 42. Re4+ Kc5 43. Re6 Ba1 44. Re7 Kd4 45. g7 Rg2+ 46. Kd1 Bc3 47. Re4+ Kc5 48. g8Q Rd2+ 49. Kc1 1-0

[Event "BL2-West 1819"]
[Site "Germany"]
[Date "2019.01.20"]
[Round "5.1"]
[White "Dambacher, Martijn"]
[Black "Dubiel, Jacek"]
[Result "1-0"]
[WhiteElo "2499"]
[BlackElo "2434"]
[PlyCount "79"]
[EventDate "2018.11.21"]
[EventType "team-tourn"]
[EventRounds "9"]
[EventCountry "GER"]
[SourceTitle "CBM 190 Extra"]
[Source "ChessBase"]
[SourceDate "2019.07.15"]
[SourceVersion "1"]
[SourceVersionDate "2019.07.15"]
[SourceQuality "1"]
[WhiteTeam "Aachen DJK II"]
[BlackTeam "Oberursel"]
[WhiteTeamCountry "GER"]
[BlackTeamCountry "GER"]

1. d4 d5 2. c4 e6 3. Nc3 Nf6 4. Bg5 Be7 5. e3 h6 6. Bh4 0-0 7. Nf3 b6 8. Bd3 Bb7 9. 0-0 Nbd7 10. Qe2 Ne4 11. Bg3 c5 12. Rfd1 cxd4 13. exd4 Nxg3 14. hxg3 Nf6 15. Ne5 Rc8 16. cxd5 Nxd5 17. Qe4 f5 18. Qe1 Nxc3 19. bxc3 Qd5 20. Bf1 Bf6 21. c4 Qe4 22. Qc3 Bxe5 23. dxe5 Rfd8 24. Rd6 Rxd6 25. exd6 Qc6 26. Rd1 Rd8 27. Qe5 Kf7 28. Rd5 Rd7 29. Be2 g6 30. Bf3 Qxc4 31. Rd4 Qc1+ 32. Rd1 Qc8 33. Re1 Bxf3 34. Qxe6+ Kg7 35. gxf3 Qc6 36. Qe5+ Kh7 37. Qe7+ Rxe7 38. Rxe7+ Kg8 39. d7 Kf8 40. d8Q+ 1-0

[Event "BL2-West 1819"]
[Site "Germany"]
[Date "2018.10.21"]
[Round "1.1"]
[White "Nikolic, Predrag"]
[Black "Dambacher, Martijn"]
[Result "1/2-1/2"]
[WhiteElo "2577"]
[BlackElo "2504"]
[PlyCount "101"]
[EventDate "2018.11.21"]
[EventType "team-tourn"]
[EventRounds "9"]
[EventCountry "GER"]
[SourceTitle "CBM 190 Extra"]
[Source "ChessBase"]
[SourceDate "2019.07.15"]
[SourceVersion "1"]
[SourceVersionDate "2019.07.15"]
[SourceQuality "1"]
[WhiteTeam "Solingen II"]
[BlackTeam "Aachen DJK II"]
[WhiteTeamCountry "GER"]
[BlackTeamCountry "GER"]

1. d4 f5 2. g3 Nf6 3. Bg2 e6 4. c4 d5 5. Nf3 c6 6. 0-0 Bd6 7. Qc2 0-0 8. Nc3 Qe7 9. a3 Nbd7 10. cxd5 exd5 11. b4 a6 12. Bf4 Bxf4 13. gxf4 Ne4 14. e3 Ndf6 15. Ne5 Be6 16. f3 Nd6 17. Rfe1 Kh8 18. Qf2 Nd7 19. Nd3 Nb5 20. Rec1 Nb6 21. a4 Nxc3 22. Rxc3 Nc4 23. a5 Rg8 24. Kh1 g5 25. fxg5 Rxg5 26. Rb3 Rag8 27. Nf4 Bd7 28. Re1 R5g7 29. Rbb1 Re8 30. Re2 Qd6 31. Nd3 f4 32. Nxf4 Nxe3 33. Rxe3 Qxf4 34. Rxe8+ Bxe8 35. Re1 Bd7 36. Qe3 Qxe3 37. Rxe3 Rf7 38. Kg1 Kg7 39. Kf2 Kf6 40. Re5 Rg7 41. Bf1 Bf5 42. Re8 Kf7 43. Rb8 Kf6 44. Ke3 Rf7 45. h4 Kg6 46. Kf2 Kh5 47. Kg3 Rg7+ 48. Kf4 Rf7 49. Kg3 Rg7+ 50. Kf4 Rf7 51. Kg3 1/2-1/2

[Event "Maastricht Limburg op 12th"]
[Site "Maastricht"]
[Date "2018.05.21"]
[Round "7"]
[White "Donchenko, Alexander"]
[Black "Dambacher, Martijn"]
[Result "1-0"]
[WhiteElo "2587"]
[BlackElo "2503"]
[PlyCount "103"]
[EventDate "2018.05.18"]
[EventType "swiss"]
[EventRounds "7"]
[EventCountry "NED"]
[SourceTitle "CBM 184 Extra"]
[Source "ChessBase"]
[SourceDate "2018.06.28"]
[SourceVersion "1"]
[SourceVersionDate "2018.06.28"]
[SourceQuality "1"]

1. d4 f5 2. g3 Nf6 3. Bg2 e6 4. c4 c6 5. Nh3 d5 6. 0-0 Bd6 7. Qc2 0-0 8. Nd2 Qe7 9. Nf3 Ne4 10. c5 Bc7 11. Bf4 Bxf4 12. Nxf4 Nd7 13. Nd3 Ng5 14. Nxg5 Qxg5 15. b4 Qe7 16. Qc3 Re8 17. f4 Nf6 18. a4 Bd7 19. Ne5 Rec8 20. Rab1 a6 21. h3 Be8 22. Rb3 Nd7 23. Nd3 Nf6 24. Qd2 h6 25. Bf3 Kh7 26. Qe3 Bh5 27. Ne5 Bxf3 28. exf3 Nd7 29. Nd3 Qf6 30. Re1 Re8 31. Kh2 Re7 32. Re2 Ra7 33. b5 axb5 34. axb5 Ra4 35. bxc6 bxc6 36. Nb4 Nb8 37. Rd2 Re8 38. Rdb2 Ra7 39. h4 h5 40. Kh3 Ree7 41. Nd3 Nd7 42. Rb7 Ra3 43. R2b3 Rxb3 44. Rxb3 Qf8 45. Qc1 Qa8 46. Qa3 Re8 47. Nb4 Qc8 48. Qa7 e5 49. fxe5 f4 50. Qa6 Qb8 51. gxf4 Nf8 52. f5 1-0

[Event "BEL-chT 1718"]
[Site "Belgium"]
[Date "2018.04.29"]
[Round "11.3"]
[White "Dambacher, Martijn"]
[Black "Varga, Zoltan"]
[Result "1/2-1/2"]
[WhiteElo "2468"]
[BlackElo "2448"]
[PlyCount "75"]
[EventDate "2017.09.24"]
[EventType "team-tourn"]
[EventRounds "11"]
[EventCountry "BEL"]
[SourceTitle "EXT 2019"]
[Source "ChessBase"]
[SourceDate "2018.10.10"]
[SourceVersion "1"]
[SourceVersionDate "2018.10.10"]
[SourceQuality "1"]
[WhiteTeam "Eynatten"]
[BlackTeam "KBSK Brugge"]
[WhiteTeamCountry "BEL"]
[BlackTeamCountry "BEL"]

1. d4 d5 2. c4 dxc4 3. e4 Nf6 4. e5 Nd5 5. Bxc4 Nb6 6. Bb3 Nc6 7. Ne2 Bf5 8. Nbc3 e6 9. a3 Be7 10. 0-0 Qd7 11. Be3 Rd8 12. Qc1 Na5 13. Ba2 Nac4 14. Bf4 0-0 15. Rd1 Qc6 16. a4 a6 17. a5 Nd5 18. Bb3 Nxf4 19. Nxf4 Nxa5 20. Bc2 Nc4 21. Bxf5 exf5 22. Nce2 a5 23. b3 Na3 24. d5 Qxc1 25. Rdxc1 Bb4 26. Rxc7 Rfe8 27. e6 fxe6 28. Nxe6 Rxd5 29. N2f4 Re5 30. Rxg7+ Kh8 31. Rxb7 Nc2 32. Rf1 R5xe6 33. Nxe6 Rxe6 34. Rd1 Nd4 35. Kf1 Nc6 36. Rf7 Nd4 37. Rb7 Nc6 38. Rf7 1/2-1/2

[Event "BEL-chT 1718"]
[Site "Belgium"]
[Date "2018.03.11"]
[Round "8.1"]
[White "Burg, Twan"]
[Black "Dambacher, Martijn"]
[Result "1/2-1/2"]
[WhiteElo "2511"]
[BlackElo "2468"]
[PlyCount "44"]
[EventDate "2017.09.24"]
[EventType "team-tourn"]
[EventRounds "11"]
[EventCountry "BEL"]
[SourceTitle "EXT 2019"]
[Source "ChessBase"]
[SourceDate "2018.10.10"]
[SourceVersion "1"]
[SourceVersionDate "2018.10.10"]
[SourceQuality "1"]
[WhiteTeam "Amay"]
[BlackTeam "Eynatten"]
[WhiteTeamCountry "BEL"]
[BlackTeamCountry "BEL"]

1. g3 f5 2. Nf3 Nf6 3. Bg2 e6 4. c4 d5 5. d4 c6 6. 0-0 Bd6 7. Nc3 0-0 8. Qc2 Qe7 9. Rb1 Nbd7 10. c5 Bc7 11. b4 e5 12. Nxe5 Nxe5 13. dxe5 Bxe5 14. Nd1 Ne4 15. f3 Nf6 16. Nf2 Bd7 17. Bd2 Rae8 18. Rfe1 Bc7 19. Nd3 Nh5 20. e3 Qf7 21. Bc3 Nf6 22. Qb2 Re7 1/2-1/2

[Event "NED-chT 1718"]
[Site "Netherlands"]
[Date "2017.12.16"]
[Round "5.1"]
[White "Ris, Robert"]
[Black "Dambacher, Martijn"]
[Result "1-0"]
[WhiteElo "2410"]
[BlackElo "2468"]
[PlyCount "111"]
[EventDate "2017.09.16"]
[EventType "team-tourn"]
[EventRounds "9"]
[EventCountry "NED"]
[SourceTitle "EXT 2019"]
[Source "ChessBase"]
[SourceDate "2018.10.10"]
[SourceVersion "1"]
[SourceVersionDate "2018.10.10"]
[SourceQuality "1"]
[WhiteTeam "BSG"]
[BlackTeam "Calder HMC"]
[WhiteTeamCountry "NED"]
[BlackTeamCountry "NED"]

1. e4 c5 2. Nf3 d6 3. d4 cxd4 4. Nxd4 Nf6 5. f3 e5 6. Nb3 d5 7. Bg5 Be6 8. exd5 Qxd5 9. Nc3 Bb4 10. Qd2 Qxd2+ 11. Bxd2 Nc6 12. Bb5 0-0-0 13. Bxc6 bxc6 14. 0-0-0 Bf5 15. a3 Bd6 16. Na5 Bd7 17. Bh6 Ne8 18. Bxg7 Rg8 19. Bf6 Nxf6 20. Rxd6 Ne8 21. Rd2 Kc7 22. Rhd1 Nf6 23. Nc4 Rge8 24. Nd6 Re7 25. Nde4 Nxe4 26. Nxe4 Rb8 27. Nc5 Bc8 28. Rd8 f5 29. Rf8 e4 30. f4 a5 31. Rdd8 e3 32. Rfe8 Rxe8 33. Rxe8 Kd6 34. Nd3 c5 35. c4 a4 36. Rxe3 Rb3 37. Kd2 Bb7 38. Rh3 Be4 39. Rh6+ Ke7 40. Nxc5 Rxb2+ 41. Kc3 Rxg2 42. Nxe4 fxe4 43. Kd4 e3 44. Kxe3 Ra2 45. Rxh7+ Ke6 46. Ra7 Rxa3+ 47. Ke4 Ra1 48. Ra6+ Kf7 49. Kd4 a3 50. Kc3 Ke7 51. f5 Rf1 52. f6+ Kf7 53. Rxa3 Rxf6 54. Kb4 Ke7 55. Rd3 Rf5 56. c5 1-0

[Event "BL2-West 1718"]
[Site "Germany"]
[Date "2017.12.10"]
[Round "4.2"]
[White "Dambacher, Martijn"]
[Black "Hendriks, Willy"]
[Result "1-0"]
[WhiteElo "2476"]
[BlackElo "2401"]
[PlyCount "111"]
[EventDate "2017.10.08"]
[EventType "team-tourn"]
[EventRounds "9"]
[EventCountry "GER"]
[SourceTitle "CBM 183 Extra"]
[Source "ChessBase"]
[SourceDate "2018.04.19"]
[SourceVersion "1"]
[SourceVersionDate "2018.04.19"]
[SourceQuality "1"]
[WhiteTeam "Aachen DJK"]
[BlackTeam "Bochum SG"]
[WhiteTeamCountry "GER"]
[BlackTeamCountry "GER"]

1. d4 d6 2. e4 Nf6 3. f3 Nbd7 4. c4 e5 5. d5 Be7 6. Be3 0-0 7. Nc3 Ne8 8. Qd2 h6 9. Nh3 Nc5 10. g3 a5 11. Nf2 f5 12. Be2 Nf6 13. 0-0-0 fxe4 14. fxe4 a4 15. h4 Nh7 16. Kb1 Bd7 17. Rdf1 c6 18. Qd1 Qa5 19. Nd3 Nxd3 20. Qxd3 a3 21. b3 Nf6 22. c5 dxc5 23. d6 Bxd6 24. Na4 Qc7 25. Nxc5 Rad8 26. Nxb7 Qxb7 27. Qxd6 Bh3 28. Bc4+ Kh7 29. Qxa3 Bxf1 30. Rxf1 Qc8 31. Bc5 Rfe8 32. Qc1 Qg4 33. Qc2 Qxg3 34. Bf7 Rf8 35. Bxf8 Rxf8 36. Be6 Qxh4 37. Qxc6 h5 38. Bf5+ Kh6 39. Rg1 g5 40. Qd6 Rf7 41. Qxe5 g4 42. Qe6 Rf8 43. e5 Qf2 44. Rc1 Kg5 45. Bc2 Ng8 46. Qg6+ Kf4 47. Qxh5 g3 48. Qh4+ Kxe5 49. Qe4+ Kf6 50. Re1 Kg5 51. Qg6+ Kf4 52. Re4+ Kf3 53. Qg4+ Kg2 54. Re2 Nh6 55. Rxf2+ Rxf2 56. Be4+ 1-0

[Event "NED-chT 1718"]
[Site "Netherlands"]
[Date "2017.11.25"]
[Round "4.3"]
[White "Trella, Thomas"]
[Black "Dambacher, Martijn"]
[Result "0-1"]
[WhiteElo "2383"]
[BlackElo "2468"]
[PlyCount "102"]
[EventDate "2017.09.16"]
[EventType "team-tourn"]
[EventRounds "9"]
[EventCountry "NED"]
[SourceTitle "CBM 181 Extra"]
[Source "ChessBase"]
[SourceDate "2017.12.12"]
[SourceVersion "1"]
[SourceVersionDate "2017.12.12"]
[SourceQuality "1"]
[WhiteTeam "Voerendaal"]
[BlackTeam "Calder HMC"]
[WhiteTeamCountry "NED"]
[BlackTeamCountry "NED"]

1. Nf3 f5 2. g3 g6 3. Bg2 Bg7 4. d4 Nf6 5. 0-0 0-0 6. b3 d6 7. Bb2 a5 8. c4 c6 9. Nbd2 Na6 10. Qc2 Qc7 11. a3 Re8 12. e4 fxe4 13. Nxe4 Nxe4 14. Qxe4 Nc5 15. Qe3 a4 16. b4 Nb3 17. Ra2 Bg4 18. Nd2 e5 19. d5 Nd4 20. dxc6 bxc6 21. h3 Be6 22. Rc1 Qd7 23. Kh2 d5 24. cxd5 cxd5 25. Bxd4 exd4 26. Qd3 Rac8 27. Rc5 Rxc5 28. bxc5 Qc6 29. Nf3 Qxc5 30. Rc2 Qb6 31. Re2 Bf6 32. h4 Kg7 33. Ng5 Bf5 34. Qd1 Rxe2 35. Qxe2 Qc6 36. g4 d3 37. Qf3 Be4 38. Nxe4 dxe4 39. Qxe4 Qd6+ 40. Kh3 d2 41. Qb7+ Kh8 42. Qc8+ Bd8 43. Qc3+ Kg8 44. Qc4+ Kg7 45. Bf3 d1Q 46. Bxd1 Qxd1 47. Qc3+ Bf6 48. Qc7+ Kh8 49. Qb8+ Qd8 50. Qb5 Qa8 51. Kg3 Qe4 0-1

[Event "NED-chT 1718"]
[Site "Netherlands"]
[Date "2017.11.04"]
[Round "3.5"]
[White "Dambacher, Martijn"]
[Black "Schoppen, Casper"]
[Result "1-0"]
[WhiteElo "2468"]
[BlackElo "2437"]
[PlyCount "161"]
[EventDate "2017.09.16"]
[EventType "team-tourn"]
[EventRounds "9"]
[EventCountry "NED"]
[SourceTitle "EXT 2019"]
[Source "ChessBase"]
[SourceDate "2018.10.10"]
[SourceVersion "1"]
[SourceVersionDate "2018.10.10"]
[SourceQuality "1"]
[WhiteTeam "Calder HMC"]
[BlackTeam "Leiden LSG"]
[WhiteTeamCountry "NED"]
[BlackTeamCountry "NED"]

1. d4 Nf6 2. c4 e6 3. Nc3 Bb4 4. Bg5 h6 5. Bh4 c5 6. d5 d6 7. e3 b5 8. Nf3 0-0 9. dxe6 fxe6 10. cxb5 Qa5 11. Be2 Bxc3+ 12. bxc3 Qxc3+ 13. Nd2 Nbd7 14. 0-0 d5 15. Rc1 Qa5 16. f4 Qxa2 17. e4 Qa3 18. Kh1 c4 19. f5 exf5 20. exd5 c3 21. Nc4 Qc5 22. Rxf5 Bb7 23. Bf2 Qb4 24. Qd4 Rfe8 25. Bf3 Rac8 26. Qxc3 Qxc3 27. Rxc3 Ne4 28. Bxe4 Rxe4 29. Nd6 Rxc3 30. Nxe4 Rc1+ 31. Bg1 Nb6 32. Nd6 Bxd5 33. h3 Rd1 34. Ne8 Nc4 35. Kh2 Nd2 36. Kh1 Nf1 37. Rf2 Ng3+ 38. Kh2 Ne4 39. Rf4 Nd2 40. Nc7 Bb7 41. Bxa7 Nf1+ 42. Kg1 Ne3+ 43. Kf2 Nxg2 44. Rd4 Ra1 45. Rd8+ Kh7 46. Be3 Ra2+ 47. Bd2 Nf4 48. Ke3 Ng2+ 49. Kd3 Ra3+ 50. Bc3 g5 51. Ne6 Kg6 52. Rd6 Kh5 53. Ng7+ Kh4 54. Rxh6+ Kg3 55. Nf5+ Kh2 56. Kc4 Nf4 57. Ne3 Kg3 58. Nf5+ Kf3 59. Nd4+ Ke4 60. Rh7 Bd5+ 61. Kb4 Ra8 62. b6 Rc8 63. Nb5 Rb8 64. Ka5 Ra8+ 65. Ra7 Rb8 66. Nd6+ Kd3 67. Be5 Nxh3 68. Nb5 Rg8 69. Rd7 Ra8+ 70. Kb4 Ke4 71. Nc3+ Kxe5 72. Rxd5+ Ke6 73. Kb5 g4 74. b7 Rb8 75. Kc6 g3 76. Rd2 Kf5 77. Rg2 Rg8 78. Ne2 Ng5 79. Rxg3 Rh8 80. Rb3 Rh6+ 81. Kd5 1-0

[Event "BEL-chT 1718"]
[Site "Belgium"]
[Date "2017.10.01"]
[Round "2.2"]
[White "Dambacher, Martijn"]
[Black "Vrolijk, Liam"]
[Result "1/2-1/2"]
[WhiteElo "2468"]
[BlackElo "2418"]
[PlyCount "51"]
[EventDate "2017.09.24"]
[EventType "team-tourn"]
[EventRounds "11"]
[EventCountry "BEL"]
[SourceTitle "EXT 2019"]
[Source "ChessBase"]
[SourceDate "2018.10.10"]
[SourceVersion "1"]
[SourceVersionDate "2018.10.10"]
[SourceQuality "1"]
[WhiteTeam "Eynatten"]
[BlackTeam "Brasschaat"]
[WhiteTeamCountry "BEL"]
[BlackTeamCountry "BEL"]

1. d4 Nf6 2. c4 e6 3. Nf3 b6 4. g3 Bb7 5. Bg2 Be7 6. 0-0 0-0 7. Re1 Na6 8. Nc3 Ne4 9. Bf4 d6 10. Qc2 Nb4 11. Qb3 Nxc3 12. Qxc3 c5 13. e4 Rb8 14. d5 Bf6 15. Qd2 exd5 16. cxd5 Ba6 17. Re3 g5 18. Nxg5 Bxg5 19. Bxg5 Qxg5 20. a3 Nxd5 21. exd5 Rbe8 22. Rae1 Bb5 23. Qc3 Rxe3 24. Rxe3 Re8 25. Rxe8+ Bxe8 26. f4 1/2-1/2

[Event "BEL-chT 1718"]
[Site "Belgium"]
[Date "2017.09.24"]
[Round "1.2"]
[White "Brink, Barry"]
[Black "Dambacher, Martijn"]
[Result "0-1"]
[WhiteElo "2339"]
[BlackElo "2468"]
[PlyCount "86"]
[EventDate "2017.09.24"]
[EventType "team-tourn"]
[EventRounds "11"]
[EventCountry "BEL"]
[SourceTitle "EXT 2018"]
[Source "ChessBase"]
[SourceDate "2017.10.13"]
[SourceVersion "1"]
[SourceVersionDate "2017.10.13"]
[SourceQuality "1"]
[WhiteTeam "Liege Crelel"]
[BlackTeam "Eynatten"]
[WhiteTeamCountry "BEL"]
[BlackTeamCountry "BEL"]

1. d4 f5 2. Nc3 Nf6 3. Bg5 d5 4. e3 e6 5. Nf3 Be7 6. Bd3 Ne4 7. Bxe7 Qxe7 8. 0-0 0-0 9. Ne2 c5 10. c4 dxc4 11. Bxc4 Nd6 12. b3 Rd8 13. Qc2 cxd4 14. Nexd4 Qf6 15. Rfd1 Bd7 16. Rac1 Nc6 17. Ne2 Nxc4 18. Qxc4 Rac8 19. Qc5 e5 20. Rd6 Be6 21. Rxd8+ Rxd8 22. h3 Bd5 23. Ne1 Bf7 24. Qc3 Qd6 25. Nf3 h6 26. Qc5 Qxc5 27. Rxc5 Bh5 28. g4 fxg4 29. Nxe5 Rd1+ 30. Kh2 gxh3 31. Nc3 Rc1 32. Nxc6 bxc6 33. Rxh5 Rxc3 34. Ra5 Rc2 35. Rxa7 Rxf2+ 36. Kxh3 Rf3+ 37. Kg4 Rxe3 38. Kf4 Rc3 39. Rc7 Kh7 40. Rb7 h5 41. a4 h4 42. Kg5 h3 43. Rd7 h2 0-1

[Event "NED-chT 1617"]
[Site "Netherlands"]
[Date "2016.12.17"]
[Round "5.1"]
[White "Dambacher, Martijn"]
[Black "Van Haastert, Edwin"]
[Result "1-0"]
[WhiteElo "2485"]
[BlackElo "2447"]
[PlyCount "73"]
[EventDate "2016.09.17"]
[EventType "team-tourn"]
[EventRounds "9"]
[EventCountry "NED"]
[SourceTitle "EXT 2018"]
[Source "ChessBase"]
[SourceDate "2017.10.13"]
[SourceVersion "1"]
[SourceVersionDate "2017.10.13"]
[SourceQuality "1"]
[WhiteTeam "Calder HMC"]
[BlackTeam "Leiden LSG"]
[WhiteTeamCountry "NED"]
[BlackTeamCountry "NED"]

1. d4 Nf6 2. c4 g6 3. Nc3 d5 4. Qb3 dxc4 5. Qxc4 Be6 6. Qb5+ Bd7 7. Qb3 c5 8. dxc5 Bc6 9. Nf3 Bg7 10. e3 Bxf3 11. gxf3 Nbd7 12. c6 bxc6 13. Bg2 0-0 14. 0-0 Qc7 15. f4 e6 16. Qc4 Rfc8 17. Bd2 Rab8 18. b3 e5 19. Rac1 Nb6 20. Qe2 exf4 21. exf4 Qd6 22. Rfd1 Nbd5 23. Qf3 Nxc3 24. Rxc3 Nd5 25. Rc4 Qd7 26. f5 Re8 27. Bg5 h6 28. Bf4 Rbd8 29. fxg6 fxg6 30. Bg3 Qe6 31. Rdc1 Rc8 32. h4 h5 33. Kh2 Rf8 34. Rxc6 Rxf3 35. Rxe6 Rxc1 36. Bxf3 Nf6 37. Ra6 1-0